| 000 | 00556nam a2200169 i 4500 | ||
|---|---|---|---|
| 001 | 24216 | ||
| 003 | ES-MaACL | ||
| 005 | 20230906153017.0 | ||
| 007 | t| | ||
| 008 | 021216s1978 sp ||||1| spa d | ||
| 100 | 1 |
_aAmorós, José Luis. _921315 |
|
| 245 | 1 | 3 |
_aLa gran aventura del cristal _b: naturaleza y evolución de la ciencia de los cristales / _cpor José Luis Amorós. |
| 260 |
_a[Madrid] : _bUniversidad Complutense, _c[1978] |
||
| 300 |
_a328 p. : _bil. ; _c21 cm. |
||
| 650 | 0 | 4 |
_aCristalografía. _911424 |
| 852 |
_aES-MaACL _jF-8356 _bR.100780 |
||
| 999 |
_c24216 _d24216 |
||